[Event "DVM U20w 2020"]
[Site "Willingen GER"]
[Date "2021.06.27"]
[Round "7"]
[White "Pavlov, Liliane"]
[Black "Neitzel, Emma"]
[Result "1-0"]
[Termination "normal"]
[Board "3.4"]
[WhiteElo "1740"]
[BlackElo "1029"]
[WhiteClock "00:37:50"]
[BlackClock "00:35:44"]
[WhiteTeam "SC Bavaria Regensburg von 1881 e.V."]
[BlackTeam "Elmshorner SC von 1896"]
[PlyCount "93"]
[WhiteFideId "16225449"]
[BlackFideId "16298373"]
[EventCountry "GER"]
[EventRounds "7"]
[EventType "team-swiss"]
[EventDate "2021.06.23"]

1. d4 {[%clk 01:30:56]  [%emt 00:00:03]} 1... d5 { [%clk 01:30:42]  [%emt
00:00:17]} 2. c4 {[%clk 01:31:21]  [%emt 00:00:07]} 2... e6 {[%clk 01:30:49] 
[%emt 00:00:22]} 3. Nf3 {[%clk 01:31:41]  [%emt 00:00:11]} 3... Nf6 {[%clk
01:30:39]  [%emt 00:00:38]} 4. g3 { [%clk 01:31:50]  [%emt 00:00:22]} 4... Be7
{[%clk 01:30:26]  [%emt 00:00:43]} 5. Bg2 {[%clk 01:32:13]  [%emt 00:00:08]}
5... O-O { [%clk 01:29:31]  [%emt 00:01:24]} 6. O-O {[%clk 01:28:05]  [%emt
00:04:40]} 6... c5 {[%clk 01:28:43]  [%emt 00:01:17]} 7. cxd5 { [%clk 01:27:57]
 [%emt 00:00:38]} 7... exd5 {[%clk 01:28:37]  [%emt 00:00:35]} 8. Nc3 {[%clk
01:25:43]  [%emt 00:02:45]} 8... Be6 { [%clk 01:23:09]  [%emt 00:05:57]} 9. Re1
{[%clk 01:23:35]  [%emt 00:02:39]} 9... Nc6 {[%clk 01:22:45]  [%emt 00:00:54]}
10. dxc5 { [%clk 01:21:20]  [%emt 00:02:45]} 10... Bxc5 {[%clk 01:22:11]  [%emt
00:01:03]} 11. e3 {[%clk 01:20:35]  [%emt 00:01:16]} 11... Re8 { [%clk
01:17:45]  [%emt 00:04:54]} 12. a3 {[%clk 01:18:43]  [%emt 00:02:24]} 12... a5
{[%clk 01:17:21]  [%emt 00:00:52]} 13. b3 { [%clk 01:16:07]  [%emt 00:03:08]}
13... Bg4 {[%clk 01:15:23]  [%emt 00:02:27]} 14. h3 {[%clk 01:11:45]  [%emt
00:04:53]} 14... d4 { [%clk 01:08:48]  [%emt 00:07:05]} 15. Na4 {[%clk
01:10:36]  [%emt 00:01:39]} 15... Bxf3 {[%clk 01:03:46]  [%emt 00:05:30]} 16.
Bxf3 { [%clk 01:10:17]  [%emt 00:00:51]} 16... Qd6 {[%clk 00:59:41]  [%emt
00:04:34]} 17. Nxc5 {[%clk 01:07:42]  [%emt 00:03:05]} 17... Qxc5 { [%clk
00:59:29]  [%emt 00:00:43]} 18. Bxc6 {[%clk 01:05:43]  [%emt 00:02:29]} 18...
Qxc6 {[%clk 00:59:19]  [%emt 00:00:39]} 19. exd4 { [%clk 01:03:32]  [%emt
00:02:42]} 19... Rxe1+ {[%clk 00:58:23]  [%emt 00:01:27] } 20. Qxe1 {[%clk
01:03:52]  [%emt 00:00:09]} 20... Qd7 { [%clk 00:57:45]  [%emt 00:01:07]} 21.
Kh2 {[%clk 00:58:04]  [%emt 00:06:19]} 21... Qxd4 {[%clk 00:57:14]  [%emt
00:01:01]} 22. Be3 { [%clk 00:58:03]  [%emt 00:00:31]} 22... Qb2 {[%clk
00:56:25]  [%emt 00:01:19]} 23. Qd1 {[%clk 00:55:39]  [%emt 00:02:54]} 23...
Qe5 { [%clk 00:53:33]  [%emt 00:03:22]} 24. Rc1 {[%clk 00:51:23]  [%emt
00:04:46]} 24... Qd5 {[%clk 00:48:41]  [%emt 00:05:22]} 25. Qc2 { [%clk
00:42:53]  [%emt 00:09:01]} 25... Qd7 {[%clk 00:46:20]  [%emt 00:02:50]} 26.
Qc7 {[%clk 00:40:33]  [%emt 00:02:50]} 26... Qxc7 { [%clk 00:41:48]  [%emt
00:05:02]} 27. Rxc7 {[%clk 00:40:55]  [%emt 00:00:08]} 27... b6 {[%clk
00:41:40]  [%emt 00:00:38]} 28. Bxb6 { [%clk 00:40:14]  [%emt 00:01:10]} 28...
Nd5 {[%clk 00:40:59]  [%emt 00:01:11]} 29. Rb7 {[%clk 00:40:11]  [%emt
00:00:34]} 29... h6 { [%clk 00:40:15]  [%emt 00:01:13]} 30. Bd4 {[%clk
00:39:11]  [%emt 00:01:31]} 30... f6 {[%clk 00:36:50]  [%emt 00:03:54]} 31. Rd7
{ [%clk 00:39:03]  [%emt 00:00:39]} 31... a4 {[%clk 00:35:58]  [%emt 00:01:23]}
32. b4 {[%clk 00:36:51]  [%emt 00:02:42]} 32... Nxb4 { [%clk 00:35:58]  [%emt
00:00:29]} 33. axb4 {[%clk 00:37:14]  [%emt 00:00:08]} 33... a3 {[%clk
00:36:12]  [%emt 00:00:15]} 34. b5 { [%clk 00:37:31]  [%emt 00:00:13]} 34...
Ra4 {[%clk 00:35:15]  [%emt 00:01:26]} 35. b6 {[%clk 00:37:30]  [%emt
00:00:32]} 35... Rb4 { [%clk 00:34:35]  [%emt 00:01:10]} 36. b7 {[%clk
00:34:42]  [%emt 00:03:18]} 36... a2 {[%clk 00:34:42]  [%emt 00:00:22]} 37.
Rd8+ { [%clk 00:34:57]  [%emt 00:00:16]} 37... Kh7 {[%clk 00:34:53]  [%emt
00:00:19]} 38. b8=Q {[%clk 00:35:19]  [%emt 00:00:08]} 38... Rxb8 { [%clk
00:34:32]  [%emt 00:00:51]} 39. Rxb8 {[%clk 00:35:42]  [%emt 00:00:08]} 39...
Kg6 {[%clk 00:34:51]  [%emt 00:00:10]} 40. Ra8 { [%clk 00:36:00]  [%emt
00:00:13]} 40... Kf5 {[%clk 00:34:59]  [%emt 00:00:21]} 41. Rxa2 {[%clk
00:36:19]  [%emt 00:00:11]} 41... g5 {[%emt 00:00:48]} 42. Ra6 {[%clk
00:36:38]} 42... h5 {[%clk 00:34:51]  [%emt 00:00:31]} 43. Rxf6+ { [%clk
00:36:53]  [%emt 00:00:14]} 43... Ke4 {[%clk 00:35:17]  [%emt 00:00:04]} 44.
Be3 {[%clk 00:37:10]  [%emt 00:00:14]} 44... Kd5 { [%clk 00:35:26]  [%emt
00:00:20]} 45. Rf5+ {[%clk 00:37:26]  [%emt 00:00:15]} 45... Ke4 {[%clk
00:35:44]  [%emt 00:00:12]} 46. Rxg5 { [%clk 00:37:50]  [%emt 00:00:06]} 46...
Kd3 {[%emt 00:00:08]} 47. f4 { [%clk 00:37:50]  [%emt 00:00:57]} 1-0

[Event "DVM U20w 2020"]
[Site "Willingen GER"]
[Date "2021.06.27"]
[Round "7"]
[White "Mundt, Alexandra"]
[Black "Brunner, Sophia"]
[Result "1/2-1/2"]
[Termination "normal"]
[Board "4.1"]
[WhiteElo "1768"]
[BlackElo "1892"]
[WhiteClock "00:21:01"]
[BlackClock "00:01:45"]
[WhiteTeam "SK Doppelbauer Kiel"]
[BlackTeam "SK Nordhorn-Blanke"]
[PlyCount "68"]
[WhiteFideId "16217276"]
[BlackFideId "12960683"]
[EventCountry "GER"]
[EventRounds "7"]
[EventType "team-swiss"]
[EventDate "2021.06.23"]

1. e4 {[%clk 01:30:58]  [%emt 00:00:02]} 1... c6 { [%clk 01:30:55]  [%emt
00:00:06]} 2. d4 {[%clk 01:31:23]  [%emt 00:00:04]} 2... d5 {[%clk 01:31:21] 
[%emt 00:00:05]} 3. Nc3 {[%clk 01:31:38]  [%emt 00:00:15]} 3... dxe4 {[%clk
01:31:46]  [%emt 00:00:05]} 4. Nxe4 { [%clk 01:32:02]  [%emt 00:00:06]} 4...
Nf6 {[%clk 01:32:09]  [%emt 00:00:07]} 5. Nxf6+ {[%clk 01:32:07]  [%emt
00:00:25]} 5... exf6 { [%clk 01:32:35]  [%emt 00:00:04]} 6. c3 {[%clk 01:32:13]
 [%emt 00:00:24]} 6... Bd6 {[%clk 01:32:55]  [%emt 00:00:10]} 7. Bd3 {[%clk
01:31:44]  [%emt 00:00:59] } 7... O-O {[%clk 01:29:13]  [%emt 00:04:12]} 8. Qc2
{ [%clk 01:30:16]  [%emt 00:01:57]} 8... Re8+ {[%clk 01:23:19]  [%emt
00:06:23]} 9. Ne2 {[%clk 01:30:30]  [%emt 00:00:16]} 9... g6 { [%clk 01:21:43] 
[%emt 00:02:08]} 10. Be3 {[%clk 01:29:52]  [%emt 00:01:08]} 10... Nd7 {[%clk
01:20:35]  [%emt 00:01:38]} 11. h4 { [%clk 01:25:39]  [%emt 00:04:43]} 11...
Nf8 {[%clk 01:14:01]  [%emt 00:07:04]} 12. h5 {[%clk 01:18:30]  [%emt
00:07:39]} 12... f5 { [%clk 01:09:51]  [%emt 00:04:39]} 13. O-O-O {[%clk
01:18:40]  [%emt 00:00:20]} 13... Qf6 {[%clk 01:08:03]  [%emt 00:02:18]} 14.
Qd2 { [%clk 01:09:37]  [%emt 00:09:34]} 14... Ne6 {[%clk 00:53:40]  [%emt
00:14:53]} 15. hxg6 {[%clk 00:56:22]  [%emt 00:13:45]} 15... fxg6 { [%clk
00:50:22]  [%emt 00:03:47]} 16. Nf4 {[%clk 00:56:45]  [%emt 00:00:08]} 16...
Nxf4 {[%clk 00:48:46]  [%emt 00:02:05]} 17. Bxf4 { [%clk 00:57:07]  [%emt
00:00:08]} 17... Bxf4 {[%clk 00:48:11]  [%emt 00:01:05]} 18. Qxf4 {[%clk
00:57:32]  [%emt 00:00:06]} 18... Qf7 { [%clk 00:38:03]  [%emt 00:10:37]} 19.
Bb1 {[%clk 00:51:27]  [%emt 00:06:36]} 19... Be6 {[%clk 00:36:05]  [%emt
00:02:27]} 20. Qh6 { [%clk 00:50:27]  [%emt 00:01:30]} 20... Re7 {[%clk
00:35:43]  [%emt 00:00:52]} 21. Rde1 {[%clk 00:48:10]  [%emt 00:02:47]} 21...
Rae8 { [%clk 00:33:53]  [%emt 00:02:20]} 22. Qg5 {[%clk 00:45:20]  [%emt
00:03:20]} 22... Bd5 {[%clk 00:28:12]  [%emt 00:06:10]} 23. Rxe7 { [%clk
00:42:58]  [%emt 00:02:53]} 23... Qxe7 {[%clk 00:28:31]  [%emt 00:00:11]} 24.
Qg3 {[%clk 00:43:23]  [%emt 00:00:06]} 24... Qf7 { [%clk 00:27:47]  [%emt
00:01:13]} 25. b3 {[%clk 00:31:53]  [%emt 00:12:01]} 25... b5 {[%clk 00:20:17] 
[%emt 00:08:00]} 26. Kd2 { [%clk 00:29:12]  [%emt 00:03:10]} 26... f4 {[%clk
00:03:25]  [%emt 00:17:22]} 27. Qh3 {[%clk 00:28:12]  [%emt 00:01:31]} 27... f3
{ [%clk 00:01:36]  [%emt 00:02:19]} 28. g3 {[%clk 00:24:47]  [%emt 00:03:54]}
28... Re2+ {[%clk 00:01:56]  [%emt 00:00:10]} 29. Kc1 { [%clk 00:25:13]  [%emt
00:00:05]} 29... Be6 {[%clk 00:00:49]  [%emt 00:01:36]} 30. Qh4 {[%clk
00:22:49]  [%emt 00:02:54]} 30... Bd5 { [%clk 00:00:37]  [%emt 00:00:43]} 31.
Qd8+ {[%clk 00:22:10]  [%emt 00:01:08]} 31... Kg7 {[%emt 00:00:27]} 32. Qh4
{[%clk 00:22:10]  [%emt 00:00:30]} 32... Kg8 {[%clk 00:00:58]  [%emt 00:00:12]}
33. Qd8+ { [%clk 00:22:02]  [%emt 00:00:39]} 33... Kg7 {[%clk 00:01:20]  [%emt
00:00:08]} 34. Qh4 {[%clk 00:21:01]  [%emt 00:01:31]} 34... Kg8 { [%clk
00:01:45]  [%emt 00:00:05]} 1/2-1/2

[Event "DVM U20w 2020"]
[Site "Willingen GER"]
[Date "2021.06.27"]
[Round "7"]
[White "Rudolph, Eva"]
[Black "Rempe, Mieke"]
[Result "1/2-1/2"]
[Termination "normal"]
[Board "4.2"]
[WhiteElo "1860"]
[BlackElo "1669"]
[WhiteClock "00:06:20"]
[BlackClock "00:23:49"]
[WhiteTeam "SK Nordhorn-Blanke"]
[BlackTeam "SK Doppelbauer Kiel"]
[PlyCount "65"]
[WhiteFideId "16200594"]
[BlackFideId "16202384"]
[EventCountry "GER"]
[EventRounds "7"]
[EventType "team-swiss"]
[EventDate "2021.06.23"]

1. e4 {[%clk 01:30:58]  [%emt 00:00:02]} 1... c6 { [%clk 01:30:52]  [%emt
00:00:09]} 2. d4 {[%clk 01:31:20]  [%emt 00:00:08]} 2... d5 {[%clk 01:31:12] 
[%emt 00:00:10]} 3. e5 {[%clk 01:31:43]  [%emt 00:00:07]} 3... Bf5 {[%clk
01:31:27]  [%emt 00:00:14]} 4. h4 { [%clk 01:31:55]  [%emt 00:00:18]} 4... h6
{[%clk 01:31:05]  [%emt 00:00:52]} 5. Bd3 {[%clk 01:31:03]  [%emt 00:01:23]}
5... Bxd3 { [%clk 01:30:18]  [%emt 00:01:16]} 6. Qxd3 {[%clk 01:31:22]  [%emt
00:00:11]} 6... e6 {[%clk 01:28:27]  [%emt 00:02:21]} 7. Be3 { [%clk 01:31:14] 
[%emt 00:00:39]} 7... Qc7 {[%clk 01:27:46]  [%emt 00:01:10]} 8. Nf3 {[%clk
01:30:05]  [%emt 00:01:40]} 8... Nd7 { [%clk 01:27:05]  [%emt 00:01:10]} 9.
Nbd2 {[%clk 01:28:54]  [%emt 00:01:41]} 9... Bb4 {[%clk 01:23:15]  [%emt
00:04:19]} 10. c3 { [%clk 01:24:44]  [%emt 00:04:41]} 10... Ba5 {[%clk
01:23:09]  [%emt 00:00:37]} 11. a4 {[%clk 01:22:07]  [%emt 00:03:07]} 11... Bb6
{ [%clk 01:21:50]  [%emt 00:01:48]} 12. b4 {[%clk 01:09:10]  [%emt 00:13:27]}
12... a5 {[%clk 01:15:39]  [%emt 00:06:41]} 13. Nb3 { [%clk 01:06:52]  [%emt
00:02:48]} 13... axb4 {[%clk 01:07:54]  [%emt 00:08:15]} 14. cxb4 {[%clk
01:06:38]  [%emt 00:00:45]} 14... Ne7 { [%clk 01:06:26]  [%emt 00:01:57]} 15.
O-O {[%clk 01:04:15]  [%emt 00:02:53]} 15... Nf5 {[%clk 01:03:29]  [%emt
00:03:27]} 16. Rfc1 { [%clk 01:00:10]  [%emt 00:04:36]} 16... Qd8 {[%clk
01:01:08]  [%emt 00:02:50]} 17. h5 {[%clk 00:54:23]  [%emt 00:06:18]} 17... O-O
{ [%clk 00:58:02]  [%emt 00:03:35]} 18. Bf4 {[%clk 00:40:15]  [%emt 00:14:38]}
18... f6 {[%clk 00:53:30]  [%emt 00:05:00]} 19. Re1 { [%clk 00:19:37]  [%emt
00:21:09]} 19... fxe5 {[%clk 00:51:41]  [%emt 00:02:20]} 20. Bxe5 {[%clk
00:19:39]  [%emt 00:00:28]} 20... Nh4 { [%clk 00:44:06]  [%emt 00:08:05]} 21.
Nbd2 {[%clk 00:19:03]  [%emt 00:01:06]} 21... Nxe5 {[%clk 00:39:10]  [%emt
00:05:26]} 22. Rxe5 { [%clk 00:18:10]  [%emt 00:01:24]} 22... Qf6 {[%clk
00:38:56]  [%emt 00:00:43]} 23. Rae1 {[%clk 00:15:28]  [%emt 00:03:13]} 23...
Rae8 { [%clk 00:34:41]  [%emt 00:04:43]} 24. R5e2 {[%clk 00:11:22]  [%emt
00:04:36]} 24... Bc7 {[%clk 00:32:39]  [%emt 00:02:32]} 25. b5 { [%clk
00:08:18]  [%emt 00:03:34]} 25... cxb5 {[%clk 00:30:00]  [%emt 00:03:08]} 26.
Qxb5 {[%clk 00:08:39]  [%emt 00:00:10]} 26... Qf4 { [%clk 00:27:59]  [%emt
00:02:31]} 27. Qxb7 {[%clk 00:06:42]  [%emt 00:02:27]} 27... Nxg2 {[%clk
00:22:26]  [%emt 00:06:02]} 28. Kxg2 { [%clk 00:05:09]  [%emt 00:02:05]} 28...
Qg4+ {[%clk 00:22:46]  [%emt 00:00:09]} 29. Kf1 {[%clk 00:05:02]  [%emt
00:00:34]} 29... Qh3+ { [%clk 00:23:09]  [%emt 00:00:08]} 30. Kg1 {[%clk
00:05:22]  [%emt 00:00:11]} 30... Qg4+ {[%clk 00:23:00]  [%emt 00:00:39]} 31.
Kf1 { [%clk 00:05:44]  [%emt 00:00:08]} 31... Qh3+ {[%clk 00:23:26]  [%emt
00:00:04]} 32. Kg1 {[%clk 00:06:11]  [%emt 00:00:03]} 32... Qg4+ { [%clk
00:23:49]  [%emt 00:00:07]} 33. Kf1 {[%clk 00:06:20]  [%emt 00:00:21]} 1/2-1/2

[Event "DVM U20w 2020"]
[Site "Willingen GER"]
[Date "2021.06.27"]
[Round "7"]
[White "Rempe, Janne"]
[Black "Wilmink, Anna"]
[Result "0-1"]
[Termination "normal"]
[Board "4.3"]
[WhiteElo "1513"]
[BlackElo "1552"]
[WhiteClock "00:06:40"]
[BlackClock "00:11:38"]
[WhiteTeam "SK Doppelbauer Kiel"]
[BlackTeam "SK Nordhorn-Blanke"]
[PlyCount "78"]
[WhiteFideId "16202392"]
[BlackFideId "16273680"]
[EventCountry "GER"]
[EventRounds "7"]
[EventType "team-swiss"]
[EventDate "2021.06.23"]

1. d4 {[%clk 01:30:46]  [%emt 00:00:13]} 1... d5 { [%clk 01:30:49]  [%emt
00:00:11]} 2. Nf3 {[%clk 01:30:56]  [%emt 00:00:21]} 2... Nf6 {[%clk 01:30:22] 
[%emt 00:00:57]} 3. Bf4 { [%clk 01:30:58]  [%emt 00:00:27]} 3... c5 {[%clk
01:30:21]  [%emt 00:00:32]} 4. c3 {[%clk 01:29:30]  [%emt 00:01:58]} 4... Qb6 {
[%clk 01:30:11]  [%emt 00:00:40]} 5. b3 {[%clk 01:23:58]  [%emt 00:06:02]} 5...
Nc6 {[%clk 01:27:12]  [%emt 00:03:29]} 6. e3 {[%clk 01:22:34]  [%emt 00:01:54]}
6... Bf5 {[%clk 01:25:54]  [%emt 00:01:49]} 7. h3 { [%clk 01:20:48]  [%emt
00:02:16]} 7... e6 {[%clk 01:22:17]  [%emt 00:04:06]} 8. g4 {[%clk 01:11:32] 
[%emt 00:09:47]} 8... Bg6 { [%clk 01:18:10]  [%emt 00:04:36]} 9. Nbd2 {[%clk
01:08:38]  [%emt 00:03:24]} 9... Rc8 {[%clk 01:12:38]  [%emt 00:06:03]} 10. g5
{ [%clk 01:04:54]  [%emt 00:04:14]} 10... Ne4 {[%clk 01:08:57]  [%emt
00:04:10]} 11. c4 {[%clk 01:01:54]  [%emt 00:03:30]} 11... Nxd2 { [%clk
01:01:11]  [%emt 00:08:17]} 12. Nxd2 {[%clk 00:58:48]  [%emt 00:03:36]} 12...
cxd4 {[%clk 00:55:57]  [%emt 00:05:44]} 13. cxd5 { [%clk 00:58:35]  [%emt
00:00:43]} 13... Nb4 {[%clk 00:49:40]  [%emt 00:06:46]} 14. Nc4 {[%clk
00:51:35]  [%emt 00:07:30]} 14... Qd8 { [%clk 00:43:31]  [%emt 00:06:39]} 15.
Rc1 {[%clk 00:43:58]  [%emt 00:08:07]} 15... Nc2+ {[%clk 00:38:10]  [%emt
00:05:52]} 16. Rxc2 { [%clk 00:36:03]  [%emt 00:08:24]} 16... Bxc2 {[%clk
00:37:45]  [%emt 00:00:56]} 17. Qxc2 {[%clk 00:36:28]  [%emt 00:00:04]} 17...
exd5 { [%clk 00:36:30]  [%emt 00:01:45]} 18. Qf5 {[%clk 00:32:59]  [%emt
00:03:59]} 18... dxc4 {[%clk 00:32:21]  [%emt 00:04:39]} 19. Bxc4 { [%clk
00:33:22]  [%emt 00:00:07]} 19... Bb4+ {[%clk 00:31:42]  [%emt 00:01:09]} 20.
Kf1 {[%clk 00:33:41]  [%emt 00:00:10]} 20... O-O { [%clk 00:30:39]  [%emt
00:01:35]} 21. g6 {[%clk 00:32:39]  [%emt 00:01:32]} 21... hxg6 {[%clk
00:28:58]  [%emt 00:02:11]} 22. Qg4 { [%clk 00:29:16]  [%emt 00:03:53]} 22...
d3 {[%clk 00:23:20]  [%emt 00:06:08]} 23. Rg1 {[%clk 00:22:08]  [%emt
00:07:38]} 23... d2 { [%clk 00:21:34]  [%emt 00:02:16]} 24. Ke2 {[%clk
00:22:25]  [%emt 00:00:12]} 24... b5 {[%clk 00:18:08]  [%emt 00:03:57]} 25.
Qxg6 { [%clk 00:17:06]  [%emt 00:05:49]} 25... d1=Q+ {[%clk 00:16:36]  [%emt
00:02:02] } 26. Rxd1 {[%clk 00:17:27]  [%emt 00:00:08]} 26... bxc4 { [%clk
00:16:45]  [%emt 00:00:21]} 27. Rxd8 {[%clk 00:16:08]  [%emt 00:01:50]} 27...
fxg6 {[%emt 00:00:29]} 28. Rxf8+ {[%clk 00:11:32]  [%emt 00:05:02]} 28... Kxf8
{[%clk 00:16:53]  [%emt 00:00:26]} 29. bxc4 { [%clk 00:11:48]  [%emt 00:00:14]}
29... Rxc4 {[%clk 00:16:49]  [%emt 00:00:34]} 30. Kd3 {[%clk 00:11:28]  [%emt
00:00:49]} 30... Rc3+ { [%clk 00:16:02]  [%emt 00:01:17]} 31. Kd4 {[%clk
00:10:17]  [%emt 00:01:41]} 31... Rc2 {[%clk 00:15:47]  [%emt 00:00:45]} 32. a4
{ [%clk 00:07:49]  [%emt 00:02:58]} 32... Rxf2 {[%clk 00:14:04]  [%emt
00:02:14]} 33. Kc4 {[%clk 00:07:50]  [%emt 00:00:29]} 33... a5 { [%clk
00:13:11]  [%emt 00:01:23]} 34. Kb5 {[%clk 00:07:56]  [%emt 00:00:24]} 34...
Kf7 {[%clk 00:12:22]  [%emt 00:01:19]} 35. Bc7 { [%clk 00:06:55]  [%emt
00:01:31]} 35... Rf3 {[%clk 00:11:31]  [%emt 00:01:22]} 36. Bxa5 {[%clk
00:06:10]  [%emt 00:01:15]} 36... Bxa5 { [%clk 00:11:39]  [%emt 00:00:22]} 37.
Kxa5 {[%clk 00:06:36]  [%emt 00:00:03]} 37... Rxe3 {[%clk 00:11:31]  [%emt
00:00:38]} 38. Kb4 { [%clk 00:06:20]  [%emt 00:00:47]} 38... Rxh3 {[%clk
00:11:38]  [%emt 00:00:23]} 39. a5 {[%clk 00:06:40]  [%emt 00:00:09]} 39... Rh1
{[%emt 00:00:39]} 0-1

[Event "DVM U20w 2020"]
[Site "Willingen GER"]
[Date "2021.06.27"]
[Round "7"]
[White "Wolterink, Jule"]
[Black "Malinowsky, Celina"]
[Result "1/2-1/2"]
[Termination "normal"]
[Board "4.4"]
[WhiteElo "1441"]
[BlackElo "1372"]
[WhiteClock "00:46:22"]
[BlackClock "00:54:19"]
[WhiteTeam "SK Nordhorn-Blanke"]
[BlackTeam "SK Doppelbauer Kiel"]
[PlyCount "59"]
[WhiteFideId "12981206"]
[BlackFideId "16266986"]
[EventCountry "GER"]
[EventRounds "7"]
[EventType "team-swiss"]
[EventDate "2021.06.23"]

1. d4 {[%emt 00:00:02]} 1... d5 {[%clk 01:30:51]  [%emt 00:00:08]} 2. Nf3 {
[%clk 01:31:17]  [%emt 00:00:13]} 2... Nf6 {[%clk 01:30:57]  [%emt 00:00:23]}
3. e3 {[%clk 01:31:41]  [%emt 00:00:06]} 3... Bf5 { [%clk 01:30:40]  [%emt
00:00:48]} 4. Bd3 {[%clk 01:32:02]  [%emt 00:00:08]} 4... Bxd3 {[%clk 01:29:58]
 [%emt 00:01:12]} 5. Qxd3 { [%clk 01:32:26]  [%emt 00:00:06]} 5... e6 {[%clk
01:28:48]  [%emt 00:01:40]} 6. Nbd2 {[%clk 01:31:45]  [%emt 00:01:10]} 6... c5
{ [%clk 01:26:42]  [%emt 00:02:37]} 7. c3 {[%clk 01:31:46]  [%emt 00:00:29]}
7... c4 {[%clk 01:25:23]  [%emt 00:01:49]} 8. Qc2 {[%clk 01:30:57]  [%emt
00:01:18]} 8... Bd6 {[%clk 01:23:46]  [%emt 00:02:06]} 9. e4 { [%clk 01:29:44] 
[%emt 00:01:44]} 9... Be7 {[%clk 01:18:17]  [%emt 00:05:59]} 10. O-O {[%clk
01:24:45]  [%emt 00:05:29]} 10... O-O { [%clk 01:17:51]  [%emt 00:00:56]} 11.
Re1 {[%clk 01:21:49]  [%emt 00:03:26]} 11... Re8 {[%clk 01:15:39]  [%emt
00:02:41]} 12. exd5 { [%clk 01:16:22]  [%emt 00:05:59]} 12... exd5 {[%clk
01:15:35]  [%emt 00:00:34]} 13. Ne5 {[%clk 01:15:18]  [%emt 00:01:34]} 13...
Nbd7 { [%clk 01:13:21]  [%emt 00:02:43]} 14. Ndf3 {[%clk 01:14:25]  [%emt
00:01:24]} 14... Qc7 {[%clk 01:09:10]  [%emt 00:04:40]} 15. Bg5 { [%clk
01:09:23]  [%emt 00:05:32]} 15... Ne4 {[%clk 01:05:47]  [%emt 00:03:53]} 16.
Bxe7 {[%clk 01:04:45]  [%emt 00:05:08]} 16... Nxe5 { [%clk 01:03:09]  [%emt
00:03:08]} 17. Nxe5 {[%clk 01:03:57]  [%emt 00:01:19]} 17... Rxe7 {[%clk
01:03:29]  [%emt 00:00:09]} 18. Re2 { [%clk 00:59:36]  [%emt 00:04:50]} 18...
Rae8 {[%clk 01:01:32]  [%emt 00:02:28]} 19. Rae1 {[%clk 00:57:38]  [%emt
00:02:28]} 19... Re6 { [%clk 01:00:00]  [%emt 00:02:02]} 20. f3 {[%clk
00:52:57]  [%emt 00:05:11]} 20... Nf6 {[%clk 01:00:03]  [%emt 00:00:26]} 21.
Kf2 { [%clk 00:51:53]  [%emt 00:01:35]} 21... Nd7 {[%clk 00:59:00]  [%emt
00:01:34]} 22. Nxd7 {[%clk 00:50:42]  [%emt 00:01:41]} 22... Qxd7 { [%clk
00:59:22]  [%emt 00:00:08]} 23. Rxe6 {[%clk 00:49:04]  [%emt 00:02:08]} 23...
Rxe6 {[%clk 00:57:22]  [%emt 00:02:30]} 24. Rxe6 { [%clk 00:49:06]  [%emt
00:00:28]} 24... Qxe6 {[%clk 00:57:45]  [%emt 00:00:06]} 25. Qe2 {[%clk
00:49:07]  [%emt 00:00:30]} 25... Qxe2+ { [%clk 00:55:20]  [%emt 00:02:55]} 26.
Kxe2 {[%emt 00:00:09]} 26... Kf8 { [%clk 00:54:55]  [%emt 00:00:53]} 27. Ke3
{[%clk 00:49:17]  [%emt 00:00:43]} 27... Ke7 {[%clk 00:55:09]  [%emt 00:00:15]}
28. Kf4 { [%clk 00:49:20]  [%emt 00:00:27]} 28... Ke6 {[%clk 00:55:31]  [%emt
00:00:08]} 29. g4 {[%clk 00:47:28]  [%emt 00:02:22]} 29... b5 { [%clk 00:54:19]
 [%emt 00:01:42]} 30. a3 {[%clk 00:46:22]  [%emt 00:01:37]} 1/2-1/2